000 00682nam a22001937a 4500
005 20140320115105.0
010 _aENG-109182
020 _a9788128018466
_c225.00
035 _aEN-92715
037 _bDBAD/PUB
082 _a620.1
100 _aRajendra Prasad, D. S.
245 _aEngineering mechanics :
_cby D. S. Rajendra Prasad
_ba simple approach useful for VTU and autonomous institutions-UG courses /
260 _bSapna Book House
_c2012
_aBangalore
270 _bBangalore
_e560009
_a3rd Main Road, Gandhinagar
300 _a353p. :
_c24cm(pbk)
_bill.
500 _aIncludes bibliographical references and index
942 _2ddc
_cEN
_mRAJ
_h620.1
999 _c82190
_d82190